000 00939cam a2200265 i 4500
999 _c59589
_d59589
001 59589
003 Mx-PuUPA
005 20200624163016.0
008 140415s2001 mx r 000 0 spa d
020 _a9707011661
040 _erda
_aMx-PuUPA
_bspa
_cMx-PuUPA
_dMx-PuUPA
041 0 _aspa
100 1 _aÁngeles Cornejo, Oliva Sarahí
_d1944-2011
_eautor
245 1 0 _aIntervención del Estado en la industria petrolera /
_cSarahí Ángeles Cornejo.
250 _aPrimera edición
264 1 _aMéxico :
_bUniversidad Nacional Autónoma de México,
_c2001
300 _a108 páginas ;
_c17 cm.
336 _atexto
_2rdacontent
_btxt
337 _asin medio
_2rdamedia
_bn
338 _avolumen
_2rdacarrier
_bnc
490 0 _aTextos breves de economía
650 4 _aIndustria y comercio del petroleo
_xPolítica gubernamental
_zMéxico
_xHistoria
942 _2ddc
_cLI
_h338.27282
_iANG